00439 2200169 4500001002100000008004100021035002000062245003500082100001800117260004200135300002600177020002200203084001400225082000800239650001000247990001200257INLIS000000000001421 Ind  a0010-0924000018 aInikah Rasanya ?cSyivee Astri aAstri, Syivee aJakartabPT. Falcon Interactivec2018 a319 hlmc14 x 20,5 cm a978-602-6714-25-1 a813 SYI i a813 aFiksi a0750922